[Event "Runavik Open 2018"]
[Site "Runavik"]
[Date "2018.11.12"]
[Round "1"]
[White "Sivuk, Vitaly"]
[Black "Schadd, Jan"]
[Result "1-0"]
[WhiteElo "2551"]
[BlackElo "1842"]
[Annotator "TA"]
[PlyCount "55"]
[EventDate "2018.11.12"]
[EventType "swiss"]
[EventCountry "FAI"]
[SourceTitle "playchess.com"]
[Source "ChessBase"]
[SourceQuality "1"]

{[%evp 10,55,33,35,160,139,160,130,152,112,111,103,128,28,23,18,5,0,0,0,0,-8,0,-103,-27,-24,20,16,19,9,117,129,131,131,146,158,151,154,211,223,247,206,252,245,254,213,701,322]} 1. Nf3 Nc6 2. d4 d6 3. e4 g6 4. c4 Bg7 5. Be2 Bg4 6. Nbd2 {[%cal Bb1d2,Bd2f3,Bf3g5][%mdl 32] LiveBook: 54 Games. A41: 1 d4 d6: Tartakower System and Modern Defence} f5 $146 (6... Nf6 $14) ({Predecessor:} 6... Nf6 7. d5 Nb8 8. Qc2 O-O 9. h3 Bd7 10. Rb1 c6 11. b4 cxd5 12. cxd5 a5 13. b5 Be8 14. O-O Nbd7 {0-1 (55) Gordievsky,D (2615)-Matlakov,M (2683) Sochi 2018}) 7. d5 $16 Bxf3 8. Nxf3 {White is clearly better.} fxe4 9. Ng5 Nd4 10. Bg4 e5 11. dxe6 ({Reject} 11. Nxe4 $6 Nf6 $11) ({White should try} 11. Ne6 $16 Qe7 12. O-O) 11... Nh6 $11 12. O-O O-O 13. Nxe4 Nxg4 14. Qxg4 Qe7 15. Ng5 Rae8 16. h4 {[#]} (16. Bd2 $11) 16... Rf5 ({Much worse is} 16... Nxe6 $6 17. Re1 $11) (16... h6 $1 $17 {[%cal Rh6g5]} 17. Ne4 h5) 17. Bd2 Nxe6 (17... h6 $5 {[%cal Rh6g5]} 18. Nh3 Qxe6 $15) 18. Rae1 $36 {[%mdl 2048] Black is under pressure.} Qd7 19. Qe4 {[%cal Rg5e6]} (19. b3 {is more complex.} Nxg5 20. Rxe8+ Qxe8 21. hxg5 Re5 22. Qf3) 19... Re5 (19... b6 $11) 20. Qxb7 $16 Nxg5 21. hxg5 Rxe1 22. Rxe1 Rxe1+ 23. Bxe1 Qe7 (23... Qe6 $16 24. Qb8+ Bf8) 24. Kf1 Qxg5 25. Qxc7 Qh4 26. Qc8+ ({Weaker is} 26. Qxd6 Qxc4+ 27. Kg1 Qxa2 $16) 26... Kf7 27. Qd7+ Kg8 $2 {[#]} (27... Qe7 28. Qb5 Qe4) 28. Qe6+ {Precision: White = 40%, Black = 24%.} (28. Qe8+ $142 Bf8 29. Qe6+ Kg7 30. Bc3+ Kh6 31. Qf7) 1-0

[Event "Runavik Open 2018"]
[Site "Runavik"]
[Date "2018.11.12"]
[Round "1"]
[White "Bernadskiy, Vitaliy"]
[Black "Pinheiro Diamant, Jonatan"]
[Result "1-0"]
[WhiteElo "2544"]
[BlackElo "1789"]
[Annotator "TA"]
[PlyCount "39"]
[EventDate "2018.11.12"]
[EventType "swiss"]
[EventCountry "FAI"]
[SourceTitle "playchess.com"]
[Source "ChessBase"]
[SourceQuality "1"]

{[%evp 15,39,31,45,18,81,90,119,119,126,125,131,118,281,285,283,258,690,672,1718,1691,29989,29990,29990,654,658,656]} 1. Nf3 Nf6 2. g3 d5 3. Bg2 c5 4. O-O Nc6 5. d4 cxd4 6. Nxd4 e5 7. Nxc6 bxc6 8. c4 Rb8 {LiveBook: 4 Games. D02: 1 d4 d5 2 Nf3 sidelines, including 2...Nf6 3 g3 and 2...Nf6 3 Bf4} 9. Nc3 {[%cal Rc4d5]} Be6 (9... d4 $1 $11 {remains equal.} 10. Ne4 (10. Bxc6+ Bd7 $11) 10... Nxe4 11. Bxe4 Qc7) 10. Bg5 $1 $16 (10. Qa4 Qd7 11. cxd5 cxd5 12. Qxd7+ Kxd7 13. Rd1 d4 14. e3 Bc5 15. Na4 Bb6 16. Nxb6+ Rxb6 17. exd4 e4 18. d5 Bg4 19. Rd4 Rc8 {½-½ (32) Nakamura,H (2785)-Anand,V (2786) Stavanger 2017}) 10... Be7 {[#]White is better.} 11. Bxf6 $1 Bxf6 12. cxd5 cxd5 13. Bxd5 Bh3 $146 {[#]} (13... O-O $16) ({Predecessor:} 13... Bxd5 14. Nxd5 O-O 15. b3 e4 16. Rc1 Rb5 17. Nxf6+ Qxf6 {1-0 (34) Gabrielian,A (2554)-Osoblivi,G (2272) Taganrog 2015}) 14. Qa4+ $1 $18 Bd7 15. Qxa7 Rg8 $2 (15... O-O 16. Rfd1 Qe8) 16. Rfd1 Qc8 17. Ne4 Be6 18. Rac1 Qd7 19. Qxd7+ (19. Qxb8+ $142 Qd8 20. Bc6+ Bd7 21. Bxd7+ Kf8 22. Rc8 g6 23. Rxd8+ Bxd8 24. Qxd8+ Kg7 25. Qf6+ Kh6 26. g4 Rb8 27. Nd6 Rxb2 28. Nxf7#) 19... Bxd7 20. Rc7 {Precision: White = 84%, Black = 22%.} 1-0

[Event "Runavik Open 2018"]
[Site "Runavik"]
[Date "2018.11.12"]
[Round "1"]
[White "Papin, Vasily"]
[Black "Olsen, Kaj"]
[Result "1-0"]
[WhiteElo "2483"]
[BlackElo "1718"]
[Annotator "TA"]
[PlyCount "65"]
[EventDate "2018.11.12"]
[EventType "swiss"]
[EventCountry "FAI"]
[SourceTitle "playchess.com"]
[Source "ChessBase"]
[SourceQuality "1"]

{[%evp 14,64,38,16,62,52,160,152,183,183,542,546,532,482,520,521,529,535,541,527,545,521,531,527,533,531,557,544,791,785,1022,1016,1003,972,1192,1185,1177,1018,975,953,29993,29994,29994,29995,29993,5501,29995,29996,29997,29998,29998,29999,29999]} 1. Nf3 Nf6 2. c4 g6 3. Nc3 Bg7 4. g3 d6 5. d4 O-O 6. Bg2 Nbd7 7. O-O e5 8. h3 {LiveBook: 1608 Games} Ne8 {E67: King's Indian: Fianchetto: 6...Nbd7} (8... exd4 9. Nxd4 Nb6 10. b3 c5 11. Nc2 Be6 12. Bg5 h6 13. Bxf6 Qxf6 14. Nb5 Rad8 15. Nc7 Bf5 16. Rc1 Qe7 17. Nd5 Nxd5 18. Qxd5 {½-½ (48) Wang,H (2709)-Mamedov,R (2709) Huaian 2017}) 9. e4 f5 {[#]} (9... exd4 $14 10. Nxd4 c6) 10. exf5 $1 $16 gxf5 {[#]White is clearly better.} 11. Ng5 $146 {[%cal Rg5h7] Nxh7! is the strong threat.} ({Predecessor:} 11. dxe5 dxe5 12. Ng5 Qe7 13. Ne6 Rf7 14. Nxg7 Rxg7 15. Nd5 Qf7 16. Bh6 {1-0 (27) Maduekwe,C (2140)-Barraclough,D (1640) Telfort 2003}) 11... Qf6 $2 (11... c6 {is a better chance.} 12. Ne6 Qf6) 12. Nd5 $18 ({Weaker is} 12. Bd5+ Kh8 $18) 12... Qh6 13. Ne7+ Kh8 {[#]} 14. Nf7+ $1 {[%mdl 512]} Rxf7 15. Bxh6 Rxe7 16. Bxg7+ Rxg7 17. Qh5 Ndf6 18. Qh4 e4 19. f3 exf3 20. Bxf3 f4 21. g4 Bf5 22. Bxb7 Rb8 23. Rxf4 Bxg4 24. hxg4 Rxb7 25. Rxf6 Nxf6 26. Qxf6 {Re1 would kill now.} Rxb2 27. Re1 {[%cal Re1e8]} Rb8 28. Re7 {[%csl Ge7][%cal Rf6g7]} Rbg8 29. Kh2 (29. Rxc7 $142 d5 30. cxd5 a6 31. a4 a5 32. d6 h5 33. Qh6+ Rh7 34. Rxh7#) 29... c5 30. d5 {White mates.} a5 31. a4 h5 32. Qh6+ Rh7 33. Rxh7# {Precision: White = 97%, Black = 17%.} 1-0

[Event "Runavik Open 2018"]
[Site "Runavik"]
[Date "2018.11.12"]
[Round "1"]
[White "Karpatchev, Aleksandr"]
[Black "Markensten, Max"]
[Result "1-0"]
[WhiteElo "2416"]
[BlackElo "1660"]
[Annotator "TA"]
[PlyCount "57"]
[EventDate "2018.11.12"]
[EventType "swiss"]
[EventCountry "FAI"]
[SourceTitle "playchess.com"]
[Source "ChessBase"]
[SourceQuality "1"]

{[%evp 9,57,6,28,36,48,14,39,14,36,19,48,34,22,8,40,25,56,68,66,76,86,83,90,80,84,77,70,9,16,0,45,41,40,47,95,86,79,87,77,85,1865,1494,1788,1711,5339,5323,29984,29985,29985,29986]} 1. e4 c5 2. Nf3 g6 3. c3 d5 4. e5 Nc6 5. d4 (5. Bb5 Qb6 6. Bxc6+ Qxc6 7. d4 Bg4 8. O-O Nh6 9. Nbd2 Nf5 10. h3 Bxf3 11. Nxf3 h5 12. dxc5 Qxc5 {½-½ (51) Nakamura,H (2763)-Le,Q (2715) chess.com INT 2018}) 5... Bg7 {LiveBook: 8 Games} 6. Bb5 {B27: Sicilian: 2 Nf3, unusual Black 2nd moves} Qb6 7. Ba4 (7. Bxc6+ $5 bxc6 8. dxc5 Qxc5 9. Be3 $11) 7... Bg4 8. O-O {White is slightly better.} e6 $146 ({Predecessor:} 8... cxd4 9. cxd4 Nh6 10. Nc3 Rd8 {1-0 (29) Wemhoener,W (1946)-Cijs,P (2309) ICCF email 2006}) 9. Nbd2 {[%cal Bb1d2,Bd2f3,Bf3d4][%mdl 32]} Nge7 {[%cal Rc5d4]} 10. h3 Bxf3 $1 11. Nxf3 O-O 12. dxc5 Qc7 13. Bf4 Nxe5 14. Kh1 f6 15. Nd4 Qc8 16. Qe2 N7c6 17. Rae1 Re8 18. Bxe5 ({Better is} 18. Bg3 $14) 18... fxe5 $11 19. Nb5 Bf8 20. Nd6 Bxd6 $1 21. cxd6 e4 22. c4 {Threatens to win with Rd1.} Rd8 23. cxd5 exd5 24. f3 $36 {[%mdl 2048] Black is under strong pressure.} exf3 $2 {[%mdl 8192]} (24... e3 $16) 25. Qxf3 $18 {[#] Threatening mate with Qf7+.} Qf5 26. Qb3 Qg5 27. Qxb7 Rab8 28. Qf7+ Kh8 29. Bxc6 {Precision: White = 59%, Black = 22%.} 1-0

[Event "Runavik Open 2018"]
[Site "Runavik"]
[Date "2018.11.12"]
[Round "1"]
[White "Berg, Margar M."]
[Black "Korneev, Oleg"]
[Result "0-1"]
[WhiteElo "1852"]
[BlackElo "2551"]
[Annotator "TA"]
[PlyCount "106"]
[EventDate "2018.11.12"]
[EventType "swiss"]
[EventCountry "FAI"]
[SourceTitle "playchess.com"]
[Source "ChessBase"]
[SourceQuality "1"]

{[%evp 12,106,-12,-28,-21,-18,-6,-68,-67,-116,-128,-124,-86,-133,-100,-96,-89,-91,-97,-83,-91,-133,-115,-115,-116,-119,-111,-121,-120,-116,-122,-176,-176,-171,-171,-181,-174,-172,-145,-149,-116,-118,-99,-122,-118,-149,-144,-186,-190,-178,-134,-158,-153,-194,-184,-193,-188,-292,-270,-241,0,-260,-255,-286,-271,-273,-280,-282,-270,-296,-285,-292,-282,-289,-287,-285,-296,-293,-275,-307,-288,-345,-331,-327,-329,-324,-316,-284,-264,-604,-489,-462,-462,-536,-516,-1838,-3789]} 1. d4 d5 2. Bg5 h6 3. Bh4 c6 4. c3 Bf5 5. Nd2 (5. e3 Qb6 6. Qb3 Nd7 7. Nf3 Ngf6 8. Nbd2 e6 9. Be2 Be7 10. O-O O-O 11. c4 Rfe8 12. c5 {0-1 (41) Kholmirzaev,B (2355)-Korneev,O (2580) Tashkent 2017}) 5... Qb6 6. Qb3 {D00: 1 d4 d5: Unusual lines} Nd7 7. f3 {LiveBook: 3 Games} Ngf6 8. g4 {The position is equal.} Bh7 9. Bg2 (9. Bg3 $11) 9... e5 $146 ({Predecessor:} 9... e6 10. Bg3 c5 11. Qxb6 Nxb6 12. e3 {1-0 (58) Bajkowski,M (1867)-Tober,D (1706) Dabrowica 2010}) 10. dxe5 Nxe5 11. Nh3 Ned7 12. Bf2 Bc5 13. O-O O-O 14. Qxb6 axb6 15. a3 Rfe8 16. Rae1 Bxf2+ 17. Nxf2 Nc5 18. e4 dxe4 19. Ndxe4 Bxe4 20. fxe4 Nfd7 21. Nh3 (21. Bf3 $17 {is a better defense.}) 21... Ne5 $19 22. g5 hxg5 23. Nxg5 Rad8 24. Re2 b5 25. Nf3 Nxf3+ 26. Bxf3 Nd3 27. Rd2 {[#] Hoping for Rfd1.} Ne5 $1 28. Rxd8 Rxd8 $17 {[%mdl 4096] Endgame KRB-KRN} 29. Kg2 Kf8 30. Kg3 Ke7 31. Rf2 Rd3 32. h3 g5 33. Kg2 Re3 ({Much less strong is} 33... Nxf3 34. Rxf3 Rd8 35. Kg3 $17) 34. Kg3 (34. Bg4 {might work better.}) 34... Ke6 ({Don't play} 34... Nxf3 35. Rxf3 Rxe4 36. Kf2 $17) 35. Kg2 Ke7 $2 {[#]} (35... Nxf3 $19 36. Rxf3 Re2+ 37. Rf2 Rxe4) 36. Bd1 $2 {[%mdl 8192]} (36. Kg3 $1 $11) 36... Rxe4 $19 37. Bb3 f6 {[%cal Bf7f6,Bf6f5][%mdl 32]} 38. Bc2 Re3 39. Bf5 Nc4 40. Bc8 Nd6 41. Bg4 Re5 42. Bd1 f5 43. a4 bxa4 44. Bxa4 Re3 45. Bc2 Kf6 46. c4 c5 47. b3 b6 48. Rd2 Ke6 49. Kh2 f4 50. Rg2 $2 (50. Bd1) 50... Nf5 {Black is clearly winning.} 51. Bd1 Kf6 52. Ra2 Rd3 53. Bf3 (53. Bg4 $142 Rxb3 54. Kg1) 53... Rxf3 {Precision: White = 43%, Black = 73%.} 0-1

[Event "Runavik Open 2018"]
[Site "Runavik"]
[Date "2018.11.12"]
[Round "1"]
[White "Skaale, Janus"]
[Black "Malakhatko, Vadim"]
[Result "0-1"]
[WhiteElo "1839"]
[BlackElo "2545"]
[Annotator "TA"]
[PlyCount "44"]
[EventDate "2018.11.12"]
[EventType "swiss"]
[EventCountry "FAI"]
[SourceTitle "playchess.com"]
[Source "ChessBase"]
[SourceQuality "1"]

{[%evp 21,44,0,0,-98,-97,-151,-160,-694,-683,-731,-710,-755,-737,-768,-766,-760,-759,-1192,-1186,-1209,-1206,-1197,-1150,-1596,-1585]} 1. e4 e6 2. d4 d5 3. e5 c5 4. c3 Qb6 5. Nf3 Nc6 6. a3 Nh6 7. b4 cxd4 8. Bxh6 gxh6 9. cxd4 Bd7 10. Be2 Rg8 {[%cal Bh8g8,Bg8g4,Bg4g7][%mdl 32] C02: French: Advance Variation} 11. O-O Rg4 {[%cal Rc6d4] LiveBook: 12 Games} 12. Qd3 $146 (12. h3 $11 Rf4 13. g3 Rxf3 14. Bxf3) ({Predecessor:} 12. h3 Rf4 13. g3 Rxf3 14. Bxf3 Qxd4 15. Qxd4 Nxd4 16. Bh5 a5 17. Nc3 Rc8 18. Ne2 {1-0 (66) Zherebukh,Y (2632)-Bartel,M (2677) Lublin 2012}) 12... Nxd4 $17 {[#] Hoping for ...Bb5.Black is better.} 13. Nxd4 (13. Nc3 $142) 13... Qxd4 ({Don't do} 13... Rxd4 14. Qxh7 Rc8 15. g3 $15) 14. Qxh7 $2 (14. Ra2 $17) 14... Rg7 $19 {Black is clearly winning.} (14... Qxa1 $2 15. Bxg4 Qxe5 16. Qd3 $19) 15. Qc2 Qxa1 16. Nc3 Qxa3 17. Nb5 Qh3 {[%csl Gg7][%cal Rh3g2] [#]} 18. g3 Rc8 19. Nc7+ Kd8 20. Rc1 Qf5 21. Qc3 Qe4 22. Bb5 Bxb4 0-1

[Event "Runavik Open 2018"]
[Site "Runavik"]
[Date "2018.11.12"]
[Round "1"]
[White "Apol, Luitjen Akselsson"]
[Black "Maiorov, Nikita"]
[Result "0-1"]
[WhiteElo "1735"]
[BlackElo "2510"]
[Annotator "TA"]
[PlyCount "108"]
[EventDate "2018.11.12"]
[EventType "swiss"]
[EventCountry "FAI"]
[SourceTitle "playchess.com"]
[Source "ChessBase"]
[SourceQuality "1"]

{[%evp 30,107,11,24,13,18,18,-17,-12,-28,-17,-46,-46,-46,-46,-52,-47,-52,-47,-54,-46,-41,-58,-40,-12,-25,-28,-222,-98,-138,-65,-91,-41,-75,-34,-78,-87,-96,-89,-87,-96,-116,-79,-401,-399,-485,-491,-526,-516,-629,-621,-767,-780,-776,-779,-776,-775,-778,-772,-951,-839,-811,-811,-786,-737,-5006,-5000,-2026,-2024,-12807,-5999,-12817,-12815,-29995,-29996,-29996,-29997,-29998,-29998,-29999]} 1. e4 e5 2. Nf3 Nc6 3. Bb5 a6 4. Ba4 Nf6 5. O-O Be7 6. Re1 b5 7. Bb3 d6 8. c3 O-O 9. h3 Nb8 {[%cal Bc6b8,Bb8d7,Bd7c5][%mdl 32]} 10. d3 Nbd7 11. Nbd2 Bb7 12. Nf1 Nc5 13. Bc2 Re8 14. Ng3 Bf8 15. Nh2 d5 16. Qf3 {LiveBook: 10 Games} g6 {C94: Closed Ruy Lopez: Breyer Variation with 10 d3} (16... Ne6 17. Nf5 Kh8 18. Ng4 Nxg4 19. Qxg4 Qf6 20. exd5 Bxd5 21. Ng3 Bc5 22. d4 exd4 23. Nh5 Qe7 24. Qf5 g6 25. Qxd5 gxh5 26. Qf5 f6 27. Rxe6 Qxe6 28. Qxh7# {1-0 (28) Bosiocic,M (2552)-Von Bahr,O (2379) Split 2015}) 17. Bg5 Be7 18. h4 h5 {The position is equal.} 19. Rad1 $146 ({Predecessor:} 19. exd5 Bxd5 20. Ne4 Nfxe4 21. Bxe7 Qxe7 22. dxe4 Be6 23. Qe3 a5 24. Nf3 {½-½ (52) Sanakoev,G-Zagorovsky,V ICCF corr 1968}) 19... Ne6 20. Bb3 Nxg5 21. hxg5 Nh7 22. exd5 Nxg5 23. Qe2 Bxd5 24. Bxd5 Qxd5 25. Qxe5 Qxa2 26. Qxc7 Ne6 27. Qe5 $1 Qxb2 {White must now prevent ...Rac8.} 28. Re3 $2 {[#]} (28. Ne4 $11) 28... Ng7 (28... b4 $19 {has better winning chances.} 29. cxb4 Qxe5 30. Rxe5 Bxb4) 29. Ne4 $17 Rad8 ({Black should try} 29... Qb3 $17 30. Ree1 Qe6) 30. Nf3 $15 Qb3 31. Rde1 {Threatening Nd4.} Qe6 {Threatens to win with ...Qxe5.} 32. d4 Qxe5 33. Nxe5 Nf5 $36 {[%mdl 2048] Black is on the roll.} 34. R3e2 Kg7 35. Ra2 b4 {...bxc3 is the strong threat.} 36. Rxa6 $2 {[%mdl 8192]} (36. Nc6 $17 {is a better chance.}) 36... bxc3 $19 37. Nxc3 Bb4 38. Rc1 {With the idea Nc6.} Nxd4 39. Nc6 Bxc3 $1 40. Rxc3 Ne2+ 41. Kh2 Nxc3 42. Nxd8 Rxd8 {[%mdl 4096] Endgame KRN-KR} 43. Rc6 Rd3 44. f3 Nd1 45. Rc2 Ne3 46. Re2 Nf5 47. Kh3 g5 48. Kh2 h4 49. Kh3 Kg6 50. Ra2 Rd1 {[#] ( -> ...Rh1+)} 51. Kh2 Ng3 {[%csl Gg3][%cal Rd1h1] Black mates.} 52. Ra6+ Kh5 {[%csl Gg3][%cal Rd1h1]} 53. Rh6+ Kxh6 {[%csl Gg3][%cal Rd1h1]} 54. f4 Rh1# {Precision: White = 36%, Black = 45%.} 0-1

[Event "Runavik Open 2018"]
[Site "Runavik"]
[Date "2018.11.12"]
[Round "1"]
[White "Nielsen, Jon I Horni"]
[Black "Miezis, Normunds"]
[Result "0-1"]
[WhiteElo "1710"]
[BlackElo "2477"]
[Annotator "TA"]
[PlyCount "86"]
[EventDate "2018.11.12"]
[EventType "swiss"]
[EventCountry "FAI"]
[SourceTitle "playchess.com"]
[Source "ChessBase"]
[SourceQuality "1"]

{[%evp 15,86,-58,-54,-127,-132,-177,-188,-189,-176,-165,-183,-218,-204,-222,-210,-217,-210,-216,-218,-270,-245,-238,-235,-288,-301,-299,-286,-305,-302,-320,-297,-311,-303,-329,-322,-338,-329,-338,-328,-392,-384,-369,-343,-340,-333,-337,-325,-542,-549,-512,-484,-572,-520,-596,-573,-599,-604,-601,-595,-655,-641,-907,-900,-922,-922,-1194,-1183,-1054,-750,-29983,-29984,-29984,-29985]} 1. e4 c5 2. Nf3 e6 3. d4 cxd4 4. Nxd4 a6 5. Nc3 Qc7 6. Be3 Bb4 7. Qd2 Nf6 8. f3 d5 {LiveBook: 42 Games} 9. Bd3 {B43: Sicilian: Kan Variation: 5 Nc3} (9. a3 $15 Bxc3 10. Qxc3 Qxc3+ 11. bxc3) (9. Nde2 dxe4 10. a3 Ba5 11. O-O-O Nbd7 12. Bf4 e5 13. Bg5 O-O 14. Ng3 Bxc3 15. bxc3 Qa5 16. Kb2 Nc5 17. Bxf6 {1-0 (68) Nakamura,H (2775)-Van Wely,L (2654) Dubai 2014}) 9... e5 $17 10. Nde2 d4 11. Nxd4 {Black is clearly better.} exd4 12. Bxd4 Nc6 13. Bxf6 gxf6 14. O-O Be6 15. a3 $146 ({Predecessor:} 15. Qe3 Ne5 {0-1 (28) Nguyen Truong Thanh,H-Silkin,A (2243) Volgograd 2010}) 15... Bxc3 16. Qxc3 Qe5 17. Qd2 O-O-O {[%cal Ba8d8,Bd8d4,Bd4c4][%mdl 32]} 18. b4 {[#]} Bc4 $1 {[%mdl 512]} 19. Qe3 (19. Bxc4 Rxd2) 19... Qd4 20. Qxd4 Rxd4 21. Bxc4 Rxc4 22. Rac1 Rd8 23. Rf2 Rc3 24. Ra1 Kc7 25. h3 Rd4 26. Kh2 Rdc4 27. Ra2 Nd4 28. Rd2 Nxc2 29. Rd5 Nxa3 30. Rf5 Rc6 ({Don't take} 30... Rxb4 31. Rxf6 Rd4 32. Rxf7+ Rd7 33. Rxd7+ Kxd7 34. Rd2+ Kc7 35. Kg3) 31. e5 $2 (31. Rh5) 31... Nc2 $19 32. Rb2 Ne3 33. Rf4 Nc4 34. Re2 Nxe5 35. Rh4 Rc2 36. Rxc2 Rxc2 {[%mdl 4096] Endgame KRN-KR} 37. Rf4 Rc6 38. Rh4 Rc4 {[#] aiming for ...Nxf3+.} 39. Rxh7 Rxb4 40. h4 a5 41. Rh8 Ng6 42. Rh7 Rxh4+ 43. Rxh4 Nxh4 {Precision: White = 58%, Black = 93%.} 0-1

[Event "Runavik Open 2018"]
[Site "Runavik"]
[Date "2018.11.12"]
[Round "1"]
[White "Fjallheim, Benjamin Reinert"]
[Black "Nielsen, Hogni Egilstoft"]
[Result "0-1"]
[WhiteElo "1340"]
[BlackElo "2400"]
[Annotator "TA"]
[PlyCount "48"]
[EventDate "2018.11.12"]
[EventType "swiss"]
[EventCountry "FAI"]
[SourceTitle "playchess.com"]
[Source "ChessBase"]
[SourceQuality "1"]

{[%evp 12,48,14,-20,7,-17,23,0,26,25,22,31,24,28,102,49,74,69,95,95,66,47,68,37,54,18,21,7,0,-69,-54,-99,-87,-252,-250,-1843,-1592,-2308,-2299]} 1. e4 {Hecht,H} e5 2. Nf3 Nc6 3. Bc4 Nf6 4. d3 Bc5 5. Nc3 a6 6. Be3 {C50: Hungarian Defence and Giuoco Pianissimo} (6. Nd5 Nxd5 7. Bxd5 d6 8. c3 O-O 9. b4 Ba7 10. a4 h6 11. Be3 Ne7 12. Bb3 Ng6 13. O-O Kh8 14. Bxa7 Rxa7 {½-½ (56) Karjakin,S (2782)-Aronian,L (2764) Leuven 2018}) 6... d6 7. h3 {LiveBook: 5 Games} Be6 8. Bb3 {The position is equal.} h6 9. Qe2 $146 ({Predecessor:} 9. d4 Bxb3 10. axb3 Bb4 11. d5 Ne7 12. Qd3 Nd7 13. O-O-O O-O {0-1 (45) Vallejo Pons,F (2450)-Korneev,O (2600) Elgoibar 1998 CBM 069 [Hecht,H]}) 9... Qd7 10. Nd5 Bxe3 11. Nxf6+ gxf6 12. fxe3 {[%cal Bf2e3,Be3e4][%mdl 32]} Rg8 (12... f5 $11 {keeps the balance.}) 13. Rf1 (13. Nh4 $16) 13... Bxb3 14. axb3 d5 15. exd5 Qxd5 16. e4 Qc5 17. c3 (17. Qf2 $5 {[%cal Rf2c5]} Qb4+ 18. Nd2 $14) 17... Qb5 18. Nd2 O-O-O 19. Rf3 f5 {[%cal Bf6f5,Bf5f4][%mdl 32]} 20. b4 (20. Rxf5 $11 Qxd3 21. Qxd3 Rxd3 22. Rf2) 20... f4 $15 21. Nb3 Rg6 22. Kd2 $2 {[#]} (22. Na5 $17) 22... Nxb4 $1 $19 {[%mdl 512]} 23. Nc1 $2 {[#]} (23. Ra5 Qc4 24. Nc1) (23. cxb4 Qxb4+) 23... Nxd3 $1 {[%mdl 512]} 24. Nxd3 Qxb2+ {Precision: White = 12%, Black = 31%.} 0-1

[Event "Runavik Open 2018"]
[Site "Runavik"]
[Date "2018.11.12"]
[Round "1"]
[White "Petersen, Elias"]
[Black "Jacobsen, Heidrikur T."]
[Result "0-1"]
[WhiteElo "1045"]
[BlackElo "1935"]
[Annotator "NA RC"]
[PlyCount "64"]
[EventDate "2018.11.12"]
[EventType "swiss"]
[EventCountry "FAI"]
[SourceTitle "playchess.com"]
[Source "ChessBase"]
[SourceQuality "1"]
[TimeControl "40/5400+30:900+30"]

{[%evp 18,63,-204,-242,32767,-264,32767,-321,-264,-530,32767,-378,32767,32767,32767,-548,-512,-491,-454,-477,32767,-345,32767,32767,32767,32767,32767,-29993,-29994,-29995,-29994,32767,32767,32767,32767,32767,32767,-29992,32767,32767,-29993,-29993,-29994,-29995,-29996,-29996,-29995,-29999]} 1. e4 {[%emt 0:00:00]} d6 {[%emt 0:00:20]} 2. Bc4 {[%emt 0:01:15]} Nf6 {[%emt 0:00:12]} 3. Nc3 {[%emt 0:00:42]} g6 {[%emt 0:00:32]} 4. h3 {[%emt 0:01:09]} Bg7 {[%emt 0:00:14]} 5. Nf3 {[%emt 0:01:20]} O-O {[%emt 0:00:16] B06: Modern Defence} (5... c5 6. e5 dxe5 7. Nxe5 O-O 8. O-O Nbd7 9. Nf3 Nb6 10. Be2 Nbd5 11. Nxd5 Nxd5 12. d4 cxd4 13. Nxd4 {½-½ (52) Alburt,L (2530)-Seirawan,Y (2585) USA 1989}) 6. d3 {[%emt 0:00:55]} e5 {[%emt 0:01:41]} 7. Be3 {[%emt 0:02:23]} c6 {[%emt 0:03:34]} 8. Qd2 {[%emt 0:00:58]} d5 {[%emt 0:02:01]} 9. exd5 {[%emt 0:02:01]} cxd5 {[%emt 0:00:09]} 10. Nxe5 $146 {[%emt 0:00:53]} (10. Bc5 {might work better.} dxc4 11. Bxf8 Qxf8 12. Nxe5) ({Predecessor:} 10. Bb3 d4 11. Bh6 dxc3 12. bxc3 Nc6 13. h4 Bg4 14. Bxg7 Kxg7 15. Nh2 Na5 16. f3 Nxb3 17. axb3 Bd7 18. Nf1 Qc7 {0-1 (18) Dulian,K-Para,A Werynia 1997}) 10... dxc4 {[%emt 0:01:16]} 11. Nxc4 {[%emt 0:00:16]} Nc6 {[%emt 0:00:37]} 12. O-O-O {[%emt 0:01:06]} Be6 {[%emt 0:00:37]} 13. Qe2 $2 {[%emt 0:04:33]} (13. Bh6) 13... Nd4 {[%emt 0:04:59]} 14. Bxd4 {[%emt 0:01:22]} Qxd4 {[%emt 0:00:20]} 15. Rhe1 {[%emt 0:02:31]} a6 {[%emt 0:01:39]} 16. Ne4 $2 {[%emt 0:03:49]} (16. Qe3 Qh4 17. Kb1) 16... Nxe4 {[%emt 0:02:21]} 17. Qxe4 {[%emt 0:00:51]} Qf6 {[%emt 0:01:22]} 18. c3 {[%emt 0:01:45]} Bxc4 {[%emt 0:04:07]} 19. dxc4 {[%emt 0:00:53]} Qxf2 {[%emt 0:01:06]} 20. Qxb7 {[%emt 0:00:07]} Rab8 {[%emt 0:00:34]} 21. Rf1 {[%emt 0:00:40]} Qe3+ {[%emt 0:00:39]} 22. Kb1 {[%emt 0:00:25]} Rxb7 {[%emt 0:00:09]} 23. Rc1 {[%emt 0:00:50]} Qe2 {[%emt 0:00:35]} 24. b3 {[%emt 0:00:49]} Bxc3 {[%emt 0:00:17]} 25. Rxc3 {[%emt 0:00:28]} Qxf1+ {[%emt 0:00:07]} 26. Rc1 {[%emt 0:00:10]} Qxg2 {[%emt 0:00:10]} 27. Rc2 {[%emt 0:00:29]} Qxh3 {[%emt 0:00:10]} 28. Kb2 {[%emt 0:00:14]} Re8 {[%emt 0:00:10]} 29. c5 {[%emt 0:00:40]} Re3 {[%emt 0:00:24]} 30. c6 {[%emt 0:00:14] [#]} Rexb3+ $1 {[%emt 0:00:42]} 31. axb3 {[%emt 0:00:11]} Qxb3+ {[%emt 0:00:35]} 32. Ka1 {[%emt 0:00:17]} Qb1# {[%emt 0:00:12]} 0-1